Mujer, trabajo y ciudadanía /
Αποθηκεύτηκε σε:
| Κύριος συγγραφέας: | |
|---|---|
| Άλλοι συγγραφείς: | |
| Μορφή: | Κείμενο |
| Έκδοση: |
Buenos Aires:
CLACSO
|
| Ετικέτες: |
Προσθήκη ετικέτας
Δεν υπάρχουν, Καταχωρήστε ετικέτα πρώτοι!
|
MARC
| LEADER | 00000 a a2200000 04500 | ||
|---|---|---|---|
| 001 | 38926 | ||
| 003 | |||
| 040 | |||
| 020 | |a 950-9231-39-8 | ||
| 090 | |a 10033 L796m | ||
| 100 | |a Zaida Lobato, Mirta | ||
| 245 | |a Mujer, trabajo y ciudadanía / |c Mirta Zaida Lobato | ||
| 260 | |a Buenos Aires: |b CLACSO | ||
| 300 | |a 229 p. | ||
| 700 | |a Villar Márquez, Eliana |a Córdova Cayo, Patricia |a Spione, Claudia M, |a Ulloa González, Mirtha | ||
| 999 | |c 4671 |d 4671 | ||



